[Event "Mecklenburg VP LL2 Ost 1617"]
[Site "Mecklenburg VP"]
[Date "2017.04.02"]
[Round "8.7"]
[White "Schmidt, Paul1"]
[Black "Jabbusch, Burkhard"]
[Result "0-1"]
[WhiteElo "1424"]
[BlackElo "1587"]
[PlyCount "58"]
[EventDate "2016.10.16"]
[EventType "team-tourn"]
[EventRounds "9"]
[EventCountry "GER"]
[SourceTitle "EXT 2022"]
[Source "ChessBase"]
[SourceDate "2021.10.06"]
[SourceVersion "1"]
[SourceVersionDate "2021.10.06"]
[SourceQuality "1"]
[WhiteTeam "Torgelow Droegeheide II"]
[BlackTeam "Stralsund FHSG II"]
[WhiteTeamCountry "GER"]
[BlackTeamCountry "GER"]

1. e4 c5 2. d4 cxd4 3. c3 dxc3 4. Nxc3 Nc6 5. Nf3 a6 6. Bc4 e6 7. 0-0 d6 8. Qe2 Qc7 9. Bf4 Be7 10. Rac1 Qa5 11. Rfd1 Ne5 12. Bxe5 dxe5 13. Bb5+ Kf8 14. Bc4 Nf6 15. a3 b5 16. b4 Qb6 17. Bb3 Qb8 18. Rd2 g6 19. Nd1 Kg7 20. Rdc2 a5 21. Ng5 Ra6 22. Rc7 Ra7 23. Rxa7 Qxa7 24. Qxb5 axb4 25. axb4 Qa3 26. Rb1 Rd8 27. Qxe5 Qxb3 28. Nc3 Qc4 29. b5 Bd6 0-1

[Event "Mecklenburg VP LL2 Ost 1516"]
[Site "Mecklenburg VP"]
[Date "2016.04.24"]
[Round "9.4"]
[White "Jabbusch, Burkhard"]
[Black "Grehl, Tino"]
[Result "0-1"]
[WhiteElo "1688"]
[BlackElo "1822"]
[PlyCount "70"]
[EventDate "2015.09.20"]
[EventType "team-tourn"]
[EventRounds "9"]
[EventCountry "GER"]
[SourceTitle "EXT 2022"]
[Source "ChessBase"]
[SourceDate "2021.10.06"]
[SourceVersion "1"]
[SourceVersionDate "2021.10.06"]
[SourceQuality "1"]
[WhiteTeam "Stralsund FHSG II"]
[BlackTeam "Greifswald II"]
[WhiteTeamCountry "GER"]
[BlackTeamCountry "GER"]

1. f4 d5 2. Nf3 Nf6 3. e3 g6 4. Be2 Bg7 5. 0-0 0-0 6. d3 c6 7. c3 Qc7 8. h3 Nbd7 9. Nbd2 e5 10. fxe5 Nxe5 11. Nxe5 Qxe5 12. Nf3 Qc7 13. Qe1 Nh5 14. Qf2 Ng3 15. Re1 Nxe2+ 16. Rxe2 Be6 17. Qh4 Qd8 18. Qxd8 Raxd8 19. d4 Bf5 20. Ne1 Rfe8 21. Kf2 Be4 22. b3 Re6 23. a3 Rde8 24. Raa2 Bh6 25. Rab2 Bf8 26. Ra2 Bd6 27. b4 Rf6+ 28. Kg1 Bg3 29. a4 Rf5 30. Nf3 Bd3 31. Reb2 g5 32. Nh2 Re6 33. b5 Ref6 34. Nf3 h5 35. bxc6 bxc6 0-1

[Event "MVP-ch Seniors op 12th"]
[Site "Binz"]
[Date "2012.11.30"]
[Round "3"]
[White "Mewes, Hans Dieter"]
[Black "Jabbusch, Burkhard"]
[Result "1/2-1/2"]
[WhiteElo "1671"]
[BlackElo "1841"]
[PlyCount "96"]
[EventDate "2012.11.28"]
[EventType "swiss"]
[EventRounds "9"]
[EventCountry "GER"]
[SourceTitle "EXT 2014"]
[Source "ChessBase"]
[SourceDate "2013.11.20"]
[SourceVersion "1"]
[SourceVersionDate "2013.11.20"]
[SourceQuality "1"]

1. d4 f5 2. g3 Nf6 3. Bg2 d5 4. c4 e6 5. Nc3 c6 6. Nf3 Bd6 7. Bg5 Nbd7 8. 0-0 0-0 9. c5 Bc7 10. b4 h6 11. Bf4 g5 12. Bxc7 Qxc7 13. a4 e5 14. dxe5 Nxe5 15. Qd4 Nxf3+ 16. exf3 Bd7 17. Rfe1 Kf7 18. Re5 Rae8 19. Rae1 Rxe5 20. Rxe5 Re8 21. Rxe8 Bxe8 22. Kf1 Qe7 23. Ne2 a5 24. bxa5 Nd7 25. f4 Qxc5 26. fxg5 hxg5 27. h4 gxh4 28. Qxh4 Nf6 29. Bf3 Ke7 30. Qf4 Qd6 31. Qxf5 Bd7 32. Qd3 c5 33. Nf4 Bc6 34. Qg6 Qe5 35. Qc2 Kd8 36. Qxc5 Nd7 37. Qc2 Qd6 38. Qd1 Nf6 39. Kg2 Kc7 40. Qd4 Kd7 41. Nd3 Ke7 42. g4 Ne4 43. Bxe4 dxe4 44. Qxd6+ Kxd6 45. Nb2 e3+ 46. Kf1 exf2 47. Kxf2 Ke6 48. Ke3 Kf6 1/2-1/2

[Event "GER-chT Seniors 21st"]
[Site "Berlin"]
[Date "2012.09.16"]
[Round "7.47"]
[White "Jabbusch, Burkhard"]
[Black "Gehrmann, Rudolf Rainer"]
[Result "1/2-1/2"]
[WhiteElo "1871"]
[BlackElo "1879"]
[PlyCount "56"]
[EventDate "2012.09.10"]
[EventType "team-swiss"]
[EventRounds "7"]
[EventCountry "GER"]
[SourceTitle "CBM 150 Extra"]
[Source "ChessBase"]
[SourceDate "2012.10.19"]
[SourceVersion "1"]
[SourceVersionDate "2012.10.19"]
[SourceQuality "1"]
[WhiteTeam "Mecklenburg Vorpommern Seniors"]
[BlackTeam "Schleswig Holstein Seniors II"]
[WhiteTeamCountry "GER"]
[BlackTeamCountry "GER"]

1. f4 d6 2. e4 g6 3. Nf3 Bg7 4. c3 e5 5. d3 Nc6 6. Be2 Nge7 7. 0-0 exf4 8. Bxf4 0-0 9. Nbd2 d5 10. d4 dxe4 11. Nxe4 Nd5 12. Qd2 Nxf4 13. Qxf4 Bf5 14. Ng3 Ne7 15. Nxf5 Nxf5 16. g4 Ne7 17. Bc4 c6 18. Rf2 Nd5 19. Bxd5 Qxd5 20. b3 Rae8 21. Re1 Rxe1+ 22. Nxe1 Qa5 23. b4 Qd5 24. Qf3 Re8 25. Ng2 Qe6 26. h3 Bh6 27. Kf1 Qc4+ 28. Kg1 Qe6 1/2-1/2

[Event "GER-chT Seniors 21st"]
[Site "Berlin"]
[Date "2012.09.11"]
[Round "2.103"]
[White "Gerigk, Wolf"]
[Black "Jabbusch, Burkhard"]
[Result "1-0"]
[WhiteElo "1995"]
[BlackElo "1871"]
[PlyCount "89"]
[EventDate "2012.09.10"]
[EventType "team-swiss"]
[EventRounds "7"]
[EventCountry "GER"]
[SourceTitle "CBM 150 Extra"]
[Source "ChessBase"]
[SourceDate "2012.10.19"]
[SourceVersion "1"]
[SourceVersionDate "2012.10.19"]
[SourceQuality "1"]
[WhiteTeam "Hamburg Seniors II"]
[BlackTeam "Mecklenburg Vorpommern Seniors"]
[WhiteTeamCountry "GER"]
[BlackTeamCountry "GER"]

1. g3 d5 2. f4 Nf6 3. Bg2 e6 4. Nf3 c5 5. 0-0 Nc6 6. d3 Be7 7. Nc3 0-0 8. e4 dxe4 9. Nxe4 Nxe4 10. dxe4 Qxd1 11. Rxd1 Rd8 12. Rxd8+ Nxd8 13. Be3 Bd7 14. Rd1 Be8 15. Kf2 Nc6 16. e5 Rd8 17. Rxd8 Nxd8 18. Nd2 b6 19. g4 f6 20. exf6 gxf6 21. Kg3 Kg7 22. c3 Bd6 23. h4 h6 24. a3 Bb5 25. c4 Bd7 26. Ne4 Bc7 27. b4 cxb4 28. axb4 a5 29. b5 Kf7 30. Nc3 Bc8 31. Na4 Bb7 32. Bf1 Be4 33. Nxb6 Nb7 34. Na4 Bc2 35. Nc3 Bd6 36. Bg2 Nc5 37. b6 Nd7 38. Bc6 Ke7 39. b7 Nb8 40. Bb5 Bb4 41. Ba7 Bd6 42. Bb6 Bb4 43. Bc7 Bxc3 44. Bxb8 Be4 45. Bd6+ 1-0

[Event "Mecklenburg VP VL 1112"]
[Site "Mecklenburg VP"]
[Date "2012.03.18"]
[Round "8.5"]
[White "Jabbusch, Burkhard"]
[Black "Ehlers, Michael2"]
[Result "1/2-1/2"]
[WhiteElo "1879"]
[BlackElo "1848"]
[PlyCount "101"]
[EventDate "2011.10.02"]
[EventType "team-tourn"]
[EventRounds "9"]
[EventCountry "GER"]
[SourceTitle "EXT 2022"]
[Source "ChessBase"]
[SourceDate "2021.10.06"]
[SourceVersion "1"]
[SourceVersionDate "2021.10.06"]
[SourceQuality "1"]
[WhiteTeam "Stralsund FHSG"]
[BlackTeam "Torgelow Droegeheide"]
[WhiteTeamCountry "GER"]
[BlackTeamCountry "GER"]

1. e4 c5 2. f4 e6 3. c4 d5 4. cxd5 exd5 5. e5 Nc6 6. Nf3 Be7 7. Nc3 Nh6 8. d3 0-0 9. Be2 Nf5 10. 0-0 b6 11. Bd2 Bb7 12. Rc1 Rc8 13. a3 Qd7 14. Qe1 Rfe8 15. Nd1 Nfd4 16. Nxd4 Nxd4 17. Bh5 Qf5 18. Be2 Ba6 19. Nf2 Nxe2+ 20. Qxe2 f6 21. g4 Qe6 22. Rfe1 Bd6 23. Qf3 fxe5 24. f5 Qf7 25. Nh3 e4 26. dxe4 dxe4 27. Qe3 Qf6 28. Bc3 Qh4 29. Rc2 Bd3 30. Rg2 c4 31. Nf2 Rcd8 32. Bd4 Rd7 33. g5 Bf4 34. Qh3 Qxh3 35. Nxh3 Bxh2+ 36. Kxh2 Rxd4 37. f6 e3 38. Rg3 e2 39. Rf3 Rf8 40. Nf4 Rd6 41. Nh5 gxf6 42. Nxf6+ Kh8 43. Kg3 Rc8 44. Re3 Rcc6 45. Nh5 Rd8 46. Nf4 Rcc8 47. Nxe2 Re8 48. Nc3 Rxe3+ 49. Rxe3 Rc7 50. Nd5 Rf7 51. Nf4 1/2-1/2

[Event "MVP-ch Seniors op 11th"]
[Site "Binz"]
[Date "2011.12.07"]
[Round "8.34"]
[White "Kreie, Guenther"]
[Black "Jabbusch, Burkhard"]
[Result "1-0"]
[WhiteElo "1756"]
[BlackElo "1877"]
[PlyCount "74"]
[EventDate "2011.11.30"]
[EventType "swiss"]
[EventRounds "9"]
[EventCountry "GER"]
[SourceTitle "EXT 2013"]
[Source "ChessBase"]
[SourceDate "2012.11.22"]
[SourceVersion "1"]
[SourceVersionDate "2012.11.22"]
[SourceQuality "1"]

1. e4 c5 2. Nf3 Nc6 3. d4 cxd4 4. Nxd4 g6 5. Nc3 Bg7 6. Be3 Qa5 7. Be2 Nf6 8. 0-0 d6 9. Nb3 Qd8 10. f4 a6 11. h3 0-0 12. a3 b5 13. Bf3 Bb7 14. Qe1 Qc7 15. Qf2 e6 16. Rad1 Rfe8 17. Rd2 Rac8 18. Rfd1 Bf8 19. Bb6 Qb8 20. Be3 Be7 21. Re1 Ba8 22. g4 Nd7 23. g5 f6 24. Bg4 f5 25. exf5 exf5 26. Bf3 Nd8 27. Ba7 Qc7 28. Bd5+ Nf7 29. Bd4 Nc5 30. Nxc5 dxc5 31. Be5 Qb6 32. Bxa8 Rxa8 33. Nd5 Qc6 34. Nc7 Nxe5 35. Nxa8 Nf3+ 36. Kf1 Nxd2+ 37. Qxd2 Qxa8 1-0

[Event "MVP-ch Seniors op 11th"]
[Site "Binz"]
[Date "2011.12.04"]
[Round "5.7"]
[White "Jabbusch, Burkhard"]
[Black "Liebert, Heinz"]
[Result "0-1"]
[WhiteElo "1877"]
[BlackElo "2162"]
[PlyCount "71"]
[EventDate "2011.11.30"]
[EventType "swiss"]
[EventRounds "9"]
[EventCountry "GER"]
[SourceTitle "EXT 2013"]
[Source "ChessBase"]
[SourceDate "2012.11.22"]
[SourceVersion "1"]
[SourceVersionDate "2012.11.22"]
[SourceQuality "1"]

1. f4 Nf6 2. Nf3 g6 3. d4 Bg7 4. e3 0-0 5. Bd3 d6 6. c3 Nbd7 7. e4 e5 8. 0-0 c6 9. fxe5 dxe5 10. Bg5 exd4 11. cxd4 Qb6 12. Qb3 Qxb3 13. axb3 Nb6 14. Nc3 Be6 15. b4 a6 16. h3 Bc4 17. Rad1 h6 18. Bh4 Bb3 19. Rd2 Rfe8 20. Rdf2 Nh5 21. Rd2 Bf8 22. Ne5 Bxb4 23. g4 Ng7 24. Rdf2 Rxe5 25. dxe5 Bc5 26. Kg2 Bxf2 27. Rxf2 Re8 28. Bb1 Nc4 29. Bf6 a5 30. h4 a4 31. Kg3 b5 32. Kf4 Ne6+ 33. Kg3 Nc5 34. Kf4 Nd7 35. Bd3 Ncxe5 36. Bf1 0-1

[Event "Mecklenburg VP VL 1011"]
[Site "Mecklenburg VP"]
[Date "2011.04.10"]
[Round "9.6"]
[White "Jabbusch, Burkhard"]
[Black "Schroeder, Christian"]
[Result "1/2-1/2"]
[WhiteElo "1989"]
[BlackElo "1842"]
[PlyCount "95"]
[EventDate "2010.10.10"]
[EventType "team-tourn"]
[EventRounds "9"]
[EventCountry "GER"]
[SourceTitle "EXT 2022"]
[Source "ChessBase"]
[SourceDate "2021.10.06"]
[SourceVersion "1"]
[SourceVersionDate "2021.10.06"]
[SourceQuality "1"]
[WhiteTeam "Stralsund FHSG"]
[BlackTeam "Rostock HSG Uni"]
[WhiteTeamCountry "GER"]
[BlackTeamCountry "GER"]

1. f4 Nf6 2. Nf3 e6 3. d4 c5 4. e3 Nc6 5. c3 Be7 6. Bd3 d5 7. Nbd2 cxd4 8. exd4 0-0 9. 0-0 Ng4 10. Qe2 f5 11. Kh1 Bd7 12. Ne5 Ngxe5 13. fxe5 g5 14. b4 Qe8 15. a3 a6 16. Nb3 Rc8 17. c4 dxc4 18. Bxc4 b5 19. Bd3 Nd8 20. Bd2 Bc6 21. Rac1 Nf7 22. Nc5 Bxc5 23. Rxc5 Bb7 24. Rfc1 Rxc5 25. Rxc5 Qa8 26. Kg1 Rc8 27. Bxf5 Rxc5 28. bxc5 exf5 29. e6 Qd8 30. e7 Qxd4+ 31. Kf1 Bc6 32. e8Q+ Bxe8 33. Qxe8+ Kg7 34. Bb4 Qa1+ 35. Kf2 Qd4+ 36. Ke2 Qc4+ 37. Kd2 Qd4+ 38. Kc2 Qe4+ 39. Kd2 Qxg2+ 40. Kc3 Qf3+ 41. Kd4 Qf4+ 42. Kc3 Qc4+ 43. Kb2 Kg6 44. c6 f4 45. Qg8+ Kh6 46. h3 Qe2+ 47. Ka1 Qd1+ 48. Kb2 1/2-1/2

[Event "Mecklenburg VP VL 1011"]
[Site "Mecklenburg VP"]
[Date "2011.03.20"]
[Round "8.5"]
[White "Moritz, Hartmut"]
[Black "Jabbusch, Burkhard"]
[Result "1-0"]
[WhiteElo "1831"]
[BlackElo "1989"]
[PlyCount "73"]
[EventDate "2010.10.10"]
[EventType "team-tourn"]
[EventRounds "9"]
[EventCountry "GER"]
[SourceTitle "EXT 2022"]
[Source "ChessBase"]
[SourceDate "2021.10.06"]
[SourceVersion "1"]
[SourceVersionDate "2021.10.06"]
[SourceQuality "1"]
[WhiteTeam "Rostock SSC 07 II"]
[BlackTeam "Stralsund FHSG"]
[WhiteTeamCountry "GER"]
[BlackTeamCountry "GER"]

1. e4 c5 2. c3 d6 3. d4 cxd4 4. cxd4 g6 5. Nf3 Bg7 6. Nc3 Nf6 7. Be2 0-0 8. 0-0 Nc6 9. d5 Ne5 10. Nd4 a6 11. f4 Ned7 12. Be3 h5 13. Rc1 Kh7 14. h3 Rh8 15. Nf3 Bh6 16. Ng5+ Kg8 17. Qd4 Bg7 18. Qc4 Nh7 19. Nf3 Nhf8 20. Bd3 f6 21. Ne2 Kh7 22. Qc7 Qe8 23. b4 e6 24. Qxd6 exd5 25. Qxd5 Qe6 26. Qxe6 Nxe6 27. f5 gxf5 28. exf5 Nd8 29. Rc7 Nc6 30. Bc5 Re8 31. Ng5+ fxg5 32. f6+ Kh8 33. fxg7+ Kxg7 34. Nd4 Nce5 35. Bf5 Kh6 36. Bd6 Nb6 37. Rh7# 1-0

[Event "Mecklenburg VP VL 1011"]
[Site "Mecklenburg VP"]
[Date "2010.10.24"]
[Round "2.7"]
[White "Gwiazda, Slawomir"]
[Black "Jabbusch, Burkhard"]
[Result "0-1"]
[WhiteElo "1896"]
[BlackElo "1989"]
[PlyCount "112"]
[EventDate "2010.10.10"]
[EventType "team-tourn"]
[EventRounds "9"]
[EventCountry "GER"]
[SourceTitle "EXT 2022"]
[Source "ChessBase"]
[SourceDate "2021.10.06"]
[SourceVersion "1"]
[SourceVersionDate "2021.10.06"]
[SourceQuality "1"]
[WhiteTeam "Greifswald II"]
[BlackTeam "Stralsund FHSG"]
[WhiteTeamCountry "GER"]
[BlackTeamCountry "GER"]

1. d4 f5 2. Nc3 Nf6 3. Bg5 d5 4. Bxf6 exf6 5. e3 Be6 6. Bd3 c6 7. Qf3 g6 8. Nge2 Nd7 9. h3 Qb6 10. g4 fxg4 11. hxg4 Bg7 12. Rxh7 Kf7 13. Qh3 Rxh7 14. Qxh7 Nf8 15. Qh4 Ke7 16. 0-0-0 Re8 17. Kb1 Qa5 18. Nc1 Qc7 19. Nb3 b6 20. Ne2 a5 21. Nd2 Qd7 22. g5 f5 23. Qg3 c5 24. c3 c4 25. Bc2 b5 26. Nf3 b4 27. Ne5 Qb7 28. Ba4 Rc8 29. Ka1 Bf7 30. f3 Be6 31. Qg2 Bxe5 32. dxe5 Nd7 33. Bxd7 Qxd7 34. Qh2 Bf7 35. e4 Qb7 36. exf5 gxf5 37. Qh6 Qc6 38. Nd4 Qxh6 39. Nxf5+ Ke6 40. Nxh6 Bg6 41. f4 Rf8 42. Rf1 Bd3 43. Rf2 bxc3 44. bxc3 d4 45. g6 Bxg6 46. cxd4 Bd3 47. f5+ Kd5 48. Ng4 c3 49. e6 Kxd4 50. e7 Rb8 51. a4 c2 52. Rxc2 Bxc2 53. Nf6 Bxa4 54. Ng4 Bb3 55. f6 Kc3 56. Nh6 Rh8 0-1

[Event "Mecklenburg VP LL 0910"]
[Site "Mecklenburg VP"]
[Date "2010.01.24"]
[Round "5.7"]
[White "Jabbusch, Burkhard"]
[Black "Moritz, Hartmut"]
[Result "1-0"]
[WhiteElo "1890"]
[BlackElo "1843"]
[PlyCount "47"]
[EventDate "2009.10.18"]
[EventType "team-tourn"]
[EventRounds "9"]
[EventCountry "GER"]
[SourceTitle "EXT 2016"]
[Source "ChessBase"]
[SourceDate "2015.10.08"]
[SourceVersion "1"]
[SourceVersionDate "2015.10.08"]
[SourceQuality "1"]
[WhiteTeam "Stralsund FHSG"]
[BlackTeam "Rostock SSC 07 II"]
[WhiteTeamCountry "GER"]
[BlackTeamCountry "GER"]

1. f4 Nf6 2. Nf3 d5 3. d4 Bf5 4. e3 e6 5. Bd3 Bxd3 6. Qxd3 c5 7. c3 Bd6 8. 0-0 0-0 9. Nbd2 Nc6 10. Ne5 Nd7 11. Rf3 Bxe5 12. dxe5 Qb6 13. Rh3 g6 14. b3 f6 15. Nf3 Rae8 16. exf6 Nxf6 17. Ng5 Ne7 18. c4 d4 19. e4 Nh5 20. g3 Qc6 21. Bd2 Qd7 22. Rf1 Nf6 23. e5 Nh5 24. Rxh5 1-0

[Event "Mecklenburg VP LL 0910"]
[Site "Mecklenburg VP"]
[Date "2009.11.15"]
[Round "2.7"]
[White "Ispirjan, Mikael"]
[Black "Jabbusch, Burkhard"]
[Result "0-1"]
[WhiteElo "1581"]
[BlackElo "1890"]
[PlyCount "134"]
[EventDate "2009.10.18"]
[EventType "team-tourn"]
[EventRounds "9"]
[EventCountry "GER"]
[SourceTitle "EXT 2016"]
[Source "ChessBase"]
[SourceDate "2015.10.08"]
[SourceVersion "1"]
[SourceVersionDate "2015.10.08"]
[SourceQuality "1"]
[WhiteTeam "Torgelow Droegeheide"]
[BlackTeam "Stralsund FHSG"]
[WhiteTeamCountry "GER"]
[BlackTeamCountry "GER"]

1. e4 c5 2. Nf3 d6 3. d4 cxd4 4. Nxd4 Nc6 5. Nc3 g6 6. Be3 Bg7 7. Be2 Nf6 8. 0-0 0-0 9. f4 Nd7 10. Bf3 Nxd4 11. Bxd4 Bxd4+ 12. Qxd4 Qb6 13. Qxb6 Nxb6 14. Nd5 Nxd5 15. exd5 Bf5 16. Rf2 Rac8 17. c3 Rfe8 18. Re1 Kf8 19. Rfe2 Rc4 20. g3 h5 21. Kf2 b6 22. Be4 Bg4 23. Bf3 Bd7 24. Rd2 a5 25. Re3 Rec8 26. Rde2 Re8 27. Rd2 b5 28. b3 Rc7 29. Rc2 Rec8 30. Ke1 Bf5 31. Rc1 e6 32. Kd2 Rc5 33. dxe6 fxe6 34. Be4 Kf7 35. Bxf5 gxf5 36. Rce1 Re8 37. Rd3 Ke7 38. Rde3 Kd7 39. R1e2 e5 40. fxe5 dxe5 41. a3 e4 42. h3 Rg8 43. Rf2 Ke6 44. Rf4 Rd5+ 45. Ke2 Rgd8 46. c4 bxc4 47. bxc4 Rd2+ 48. Kf1 Ke5 49. Rf2 Rxf2+ 50. Kxf2 Rd2+ 51. Ke1 Rc2 52. Rb3 Kd4 53. Rb5 a4 54. Rxf5 Rxc4 55. Rxh5 Rc3 56. g4 Rxa3 57. Rb5 Rxh3 58. Rb4+ Ke3 59. Kf1 Kf3 60. Kg1 a3 61. g5 e3 62. Ra4 Rg3+ 63. Kh2 Rxg5 64. Rxa3 Kf2 65. Kh3 e2 66. Rg3 Rxg3+ 67. Kh2 Rg8 0-1